| 000 | 00780nam a22001937a 4500 | ||
|---|---|---|---|
| 999 |
_c164634 _d164634 |
||
| 005 | 20190523154801.0 | ||
| 010 | _aUR-10146 | ||
| 020 |
_c300.00 _a9789387829138 |
||
| 035 | _aU-8701 | ||
| 037 | _bDBAD/PUB | ||
| 082 | _a840.08 | ||
| 100 | _aا يم اے قد ير | ||
| 245 |
_aقا ضی مشتا ق ا حمد کے افسا نو ں کا تنقيد ی و تجز يا تی مطا لعہ _cا يم اے قد ير |
||
| 246 |
_bQazi Mushtaque Ahmed Ke Afsanon Ka Tanqidi Wa Tajaziati Mutalea (Urdu) _aby Dr.M.A.Qadeer |
||
| 260 |
_a Delhi _bEducational Publishing House _c2017 ء |
||
| 270 |
_a3191،Vakil Street,Kucha Pandit,Lal Kuan, _bDelhi _e110006 _k23216162 _l00911123211540 |
||
| 300 |
_a180ص _c22 Cm.(bk) |
||
| 942 |
_2ddc _cUR _h840.08 _mق د ی |
||